[Event "Krasnodar (Russia)"]
[Site "?"]
[Date "2002.??.??"]
[Round "3"]
[White "Pravdiuk Vladimir P"]
[Black "Bryzgalin Kirill"]
[Result "0-1"]
[WhiteElo "2261"]
[BlackElo "2421"]
[PlyCount "52"]
[EventDate "2002.??.??"]
[Source "www.chesslib.no"]
[SourceDate "2004.05.04"]

1. e4 e5 2. d4 exd4 3. c3 Qe7 4. cxd4 Qxe4+ 5. Be3 Nf6 6. Nf3 Bb4+ 7. Nc3 Nd5 8. Bd3 Nxe3 9. fxe3 Qxe3+ 10. Kf1 Bxc3 11. bxc3 O-O 12. Qc2 Qh6 13. h4 d5 14. Ng5 g6 15. Kg1 Nc6 16. Rf1 f6 17. Nxh7 Qe3+ 18. Rf2 Kxh7 19. h5 Kg7 20. hxg6 Rh8 21. Rxh8 Kxh8 22. Qd1 Qg5 23. Rf4 Kg7 24. Qf3 Be6 25. Bf5 Bxf5 26. Rxf5 Qc1+ 0-1

[Event "Budapest FS11 IM"]
[Site "Budapest"]
[Date "1996.??.??"]
[Round "5"]
[White "Hedke, Fred"]
[Black "Jamrich, Gyorgy"]
[Result "1-0"]
[WhiteElo "2380"]
[BlackElo "2295"]
[PlyCount "35"]
[EventDate "1996.11.??"]
[Source "www.chesslib.no"]
[SourceDate "2004.05.04"]

1. e4 e5 2. d4 exd4 3. c3 dxc3 4. Bc4 c2 5. Qxc2 Bb4+ 6. Nc3 Nc6 7. Nf3 Nge7 8. O-O Bxc3 9. Qxc3 O-O 10. b4 Kh8 11. b5 Nb8 12. Bb2 f6 13. Rad1 a6 14. b6 cxb6 15. Rd6 b5 16. Rxf6 d5 17. Rd6 d4 18. Qxd4 1-0

[Event "Poio op 3rd"]
[Site "?"]
[Date "2003.09.06"]
[Round "7.5"]
[White "Piay Augusto Diego"]
[Black "Perez Rodney"]
[Result "0-1"]
[WhiteElo "2245"]
[BlackElo "2421"]
[PlyCount "79"]
[EventDate "2003.??.??"]
[Source "www.chesslib.no"]
[SourceDate "2004.05.04"]

1. e4 e5 2. d4 exd4 3. c3 Nc6 4. cxd4 Bb4+ 5. Nc3 Qe7 6. Be3 Qxe4 7. Nf3 Nf6 8. Bd3 Qe7 9. O-O Bxc3 10. bxc3 O-O 11. Bg5 d5 12. Re1 Qd6 13. Ne5 Ne4 14. Bf4 Qf6 15. Nxc6 Qxf4 16. Ne7+ Kh8 17. Nxd5 Qxf2+ 18. Kh1 Bg4 19. Qc2 Qxc2 20. Bxc2 f5 21. h3 Bh5 22. Nxc7 Rac8 23. Ne6 Rfe8 24. Bxe4 fxe4 25. Rxe4 Rxc3 26. Rf1 Kg8 27. Ref4 h6 28. d5 Rd3 29. Kh2 Rxd5 30. Nc7 Rde5 31. Nxe8 Rxe8 32. R1f2 Bg6 33. Rd4 Re7 34. Rd8+ Be8 35. h4 Kh7 36. Rf8 Bf7 37. Kg3 Bxa2 38. h5 g5 39. hxg6+ Kxg6 40. Rf2 0-1

[Event "Oakham YM"]
[Site "Oakham"]
[Date "1986.??.??"]
[Round "5"]
[White "Thomas, Ian L"]
[Black "Schandorff, Lars"]
[Result "1/2-1/2"]
[WhiteElo "2325"]
[BlackElo "2335"]
[PlyCount "83"]
[EventDate "1986.04.??"]
[Source "ChessBase"]

1. e4 e5 2. d4 exd4 3. c3 d5 4. exd5 Qxd5 5. cxd4 Nf6 6. Nc3 Qd8 7. Nf3 Be7 8. Be2 O-O 9. O-O Nbd7 10. Ne5 Nb6 11. Bf3 c6 12. Qd3 Be6 13. Rd1 a5 14. Bg5 Nfd5 15. Bxe7 Qxe7 16. Be4 g6 17. Re1 Rad8 18. Qg3 Qf6 19. Rad1 Kg7 20. Nd3 Rfe8 21. h4 Nxc3 22. bxc3 Bxa2 23. Ra1 Bd5 24. Ne5 Bxe4 25. Rxe4 Qd6 26. Rb1 c5 27. Rg4 Nd7 28. Rxb7 Nxe5 29. dxe5 Rxe5 30. Rf4 Re7 31. Rb1 Qd5 32. Ra4 Ra8 33. Rba1 c4 34. Qf4 Re4 35. Qf3 Rae8 36. Rxa5 Qd6 37. g3 Qe6 38. Kg2 h5 39. Ra7 Re5 40. R1a6 Qf5 41. Qxf5 Rxf5 42. Ra5 1/2-1/2

[Event "Olomouc Proclient Cup"]
[Site "Olomouc"]
[Date "2002.07.31"]
[Round "11"]
[White "Skytte, Rasmus"]
[Black "Kennaugh, Charles"]
[Result "1/2-1/2"]
[WhiteElo "2366"]
[BlackElo "2294"]
[PlyCount "30"]
[EventDate "2002.07.31"]
[Source "ChessBase"]
[SourceDate "2002.09.11"]

1. e4 e5 2. d4 exd4 3. c3 d5 4. exd5 Qxd5 5. cxd4 Nc6 6. Nf3 Nf6 7. Be2 Bb4+ 8. Nc3 Ne4 9. Bd2 Bxc3 10. bxc3 Nxd2 11. Qxd2 O-O 12. O-O Bf5 13. Nh4 Bd7 14. Rab1 Rab8 15. Rb5 Qd6 1/2-1/2

[Event "Helsinki Club Ch"]
[Site "Helsinki FIN"]
[Date "1990.??.??"]
[Round "9"]
[White "Lehtivaara, Risto"]
[Black "Ojanen, Kaarle S"]
[Result "1/2-1/2"]
[WhiteElo "2320"]
[BlackElo "2340"]
[PlyCount "61"]
[EventDate "1990.??.??"]
[Source "www.chesslib.no"]
[SourceDate "2004.05.04"]

1. e4 e5 2. d4 exd4 3. c3 dxc3 4. Nxc3 d6 5. Bc4 Nc6 6. Nf3 Nf6 7. Qb3 Qd7 8. Ng5 Ne5 9. Bb5 c6 10. f4 cxb5 11. fxe5 dxe5 12. Be3 Bd6 13. Nxb5 O-O 14. Rd1 Ne8 15. O-O h6 16. Nxf7 Rxf7 17. Nxd6 Nxd6 18. Rxd6 Qxd6 19. Qxf7+ Kh7 20. Qd5 Qg6 21. Rf3 a5 22. Qxe5 Be6 23. Bd4 Rg8 24. a3 a4 25. Rg3 Qf7 26. h4 Bc4 27. h5 Be2 28. Qf5+ Qxf5 29. exf5 Bxh5 30. f6 gxf6 31. Rxg8 1/2-1/2

[Event "Budapest FS05 IM"]
[Site "Budapest"]
[Date "2000.05.09"]
[Round "4"]
[White "Kritz, Leonid"]
[Black "Pilgaard, Kim"]
[Result "1-0"]
[WhiteElo "2281"]
[BlackElo "2377"]
[PlyCount "49"]
[EventDate "2000.05.06"]
[Source "ChessBase"]
[SourceDate "2000.07.11"]

1. e4 e5 2. d4 exd4 3. c3 dxc3 4. Bc4 cxb2 5. Bxb2 d5 6. Bxd5 Nf6 7. Bxf7+ Kxf7 8. Qxd8 Bb4+ 9. Qd2 Bxd2+ 10. Nxd2 Re8 11. Ngf3 c5 12. Ne5+ Kg8 13. f4 Nbd7 14. O-O Nxe5 15. Bxe5 b6 16. Rf3 Bb7 17. Rg3 Kf7 18. Nc4 Rad8 19. Bxf6 gxf6 20. e5 Re7 21. Nd6+ Ke6 22. Re1 fxe5 23. Rxe5+ Kxd6 24. Rd3+ Kc6 25. Rxd8 1-0

[Event "FIN Ch"]
[Site "Helsinki FIN"]
[Date "1988.??.??"]
[Round "3"]
[White "Lehtivaara, Risto"]
[Black "Rantanen, Yrjo A"]
[Result "0-1"]
[WhiteElo "2280"]
[BlackElo "2375"]
[PlyCount "100"]
[EventDate "1988.??.??"]
[Source "www.chesslib.no"]
[SourceDate "2004.05.04"]

1. e4 e5 2. d4 exd4 3. c3 dxc3 4. Nxc3 Nc6 5. Nf3 Bb4 6. Bc4 Bxc3+ 7. bxc3 d6 8. O-O Bg4 9. Qb3 Bxf3 10. Bxf7+ Kf8 11. gxf3 Na5 12. Qd5 Nf6 13. Qxa5 Kxf7 14. f4 Re8 15. f3 Qd7 16. c4 b6 17. Qg5 Qc6 18. Be3 Re7 19. Rac1 Rf8 20. Bd4 Ke8 21. e5 dxe5 22. fxe5 Nd7 23. f4 g6 24. Qg2 Qxg2+ 25. Kxg2 c5 26. Bc3 Rf5 27. h4 Nf8 28. Bd2 Ne6 29. Be3 Rd7 30. Kf3 Ng7 31. Rcd1 Rxd1 32. Rxd1 Ne6 33. Rd6 Ke7 34. Ke4 Rf8 35. a4 Rd8 36. Rxd8 Nxd8 37. f5 gxf5+ 38. Kxf5 Nc6 39. Bg5+ Ke8 40. Ke6 Na5 41. Kd5 Nb3 42. Kc6 Na5+ 43. Kc7 Nxc4 44. e6 a6 45. Bf6 b5 46. Kc6 bxa4 47. Kxc5 Ne3 48. Kb6 Nd5+ 49. Ka5 Nxf6 50. Kxa4 Ke7 0-1

[Event "AUT Ch"]
[Site "Austria"]
[Date "1996.??.??"]
[Round "4"]
[White "Lendwai, Reinhard"]
[Black "Zoebisch, Herbert"]
[Result "1/2-1/2"]
[WhiteElo "2375"]
[BlackElo "2260"]
[PlyCount "45"]
[EventDate "1996.??.??"]
[Source "www.chesslib.no"]
[SourceDate "2004.05.04"]

1. e4 e5 2. d4 exd4 3. c3 dxc3 4. Bc4 cxb2 5. Bxb2 d5 6. Bb3 Nf6 7. e5 Ne4 8. Bxd5 Bb4+ 9. Ke2 Ng5 10. Qa4+ c6 11. Bxf7+ Kxf7 12. Qxb4 Re8 13. f4 Bg4+ 14. Nf3 Nxf3 15. gxf3 Na6 16. Qe4 Be6 17. f5 Bd5 18. Qg4 Qf6 19. Kf2 Rxe5 20. Bxe5 Qxe5 21. Nd2 Nc5 22. Rab1 b5 23. Ne4 1/2-1/2

[Event "BL2-Nord 0203"]
[Site "?"]
[Date "2003.02.23"]
[Round "7.4"]
[White "Voigt Martin"]
[Black "Kreuzholz Michael"]
[Result "0-1"]
[WhiteElo "2300"]
[BlackElo "2334"]
[PlyCount "74"]
[EventDate "2003.??.??"]
[Source "www.chesslib.no"]
[SourceDate "2004.05.04"]

1. e4 e5 2. d4 exd4 3. c3 dxc3 4. Bc4 Nc6 5. Nf3 d6 6. Nxc3 Nf6 7. Qb3 Qd7 8. Ng5 Ne5 9. Be2 h6 10. f4 Nc6 11. Nf3 Be7 12. e5 dxe5 13. Nxe5 Nxe5 14. fxe5 Ng4 15. Bf4 O-O 16. Nd5 c6 17. Nxe7+ Qxe7 18. h3 Nxe5 19. Qg3 Re8 20. O-O Ng6 21. Bd6 Qh4 22. Rae1 Be6 23. Qc3 Rad8 24. Bc5 Nf4 25. Bg4 Nd5 26. Qf3 Nf6 27. Bxe6 Rxe6 28. Rxe6 fxe6 29. Qb3 Qe4 30. Qxb7 Rd2 31. Bf2 Nh5 32. Re1 Qf5 33. Qxa7 Nf4 34. Qe3 Rxb2 35. a4 Qg5 36. Bg3 Rxg2+ 37. Kh1 Rxg3 0-1

[Event "Lohmar"]
[Site "Lohmar"]
[Date "1999.12.30"]
[Round "5"]
[White "Kaeser, Udo"]
[Black "Krallmann, Matthias"]
[Result "1/2-1/2"]
[WhiteElo "2334"]
[BlackElo "2297"]
[PlyCount "28"]
[EventDate "1999.12.26"]
[Source "www.chesslib.no"]
[SourceDate "2004.05.04"]

1. e4 e5 2. d4 exd4 3. c3 d5 4. exd5 Qxd5 5. cxd4 Nc6 6. Nf3 Nf6 7. Nc3 Bb4 8. Bd2 Bxc3 9. bxc3 O-O 10. Be2 Ne4 11. O-O Nxd2 12. Nxd2 Bf5 13. Qb3 Qa5 14. Nc4 Qa6 1/2-1/2

[Event "Helsinki Club Ch"]
[Site "Helsinki FIN"]
[Date "1990.??.??"]
[Round "4"]
[White "Lehtivaara, Risto"]
[Black "Sorri, Kari Juhani"]
[Result "1/2-1/2"]
[WhiteElo "2320"]
[BlackElo "2305"]
[PlyCount "71"]
[EventDate "1990.??.??"]
[Source "www.chesslib.no"]
[SourceDate "2004.05.04"]

1. e4 e5 2. d4 exd4 3. c3 dxc3 4. Nxc3 Nc6 5. Nf3 Bb4 6. Bc4 Nf6 7. e5 d5 8. exf6 dxc4 9. Qxd8+ Nxd8 10. fxg7 Rg8 11. Bh6 f6 12. O-O-O Bxc3 13. bxc3 Nc6 14. h3 Kf7 15. g4 Kg6 16. Bf4 Kxg7 17. Bxc7 Re8 18. Rhe1 Rxe1 19. Rxe1 Kf7 20. Nd2 h5 21. Nxc4 hxg4 22. Nd6+ Kg7 23. hxg4 Bd7 24. Nxb7 Kg6 25. f3 Rc8 26. Bf4 Nb4 27. Kd2 Nd5 28. Re4 Rxc3 29. Rd4 Nxf4 30. Rxf4 Ra3 31. Nc5 Rxa2+ 32. Kc1 Bb5 33. Ne4 Ra6 34. Kb2 Be2 35. Rxf6+ Rxf6 36. Nxf6 1/2-1/2

[Event "Malaga op"]
[Site "Malaga"]
[Date "2002.03.02"]
[Round "9"]
[White "Tomas Batet, Joan"]
[Black "Korneev, Oleg"]
[Result "0-1"]
[WhiteElo "2055"]
[BlackElo "2568"]
[PlyCount "80"]
[EventDate "2002.02.22"]
[Source "ChessBase"]
[SourceDate "2002.03.14"]

1. e4 e5 2. d4 exd4 3. c3 d5 4. Qxd4 dxe4 5. Qxe4+ Be7 6. Bg5 Nd7 7. Nf3 Ngf6 8. Qc2 O-O 9. Be2 h6 10. Bh4 Re8 11. O-O Nh5 12. Bxe7 Qxe7 13. Re1 Qf6 14. Nbd2 Nc5 15. Nd4 Nf4 16. Bf3 Bd7 17. Ne4 Nxe4 18. Bxe4 c6 19. Re3 Re7 20. Rae1 Rae8 21. g3 Nh3+ 22. Kg2 Ng5 23. f4 Nxe4 24. Rxe4 Bf5 25. Rxe7 Rxe7 26. Qd2 Be4+ 27. Kg1 c5 28. Nb3 Qc6 29. Na5 Qc7 30. Nc4 Rd7 31. Qe2 Bd3 32. Qe8+ Kh7 33. Ne5 Re7 34. Qf8 Qd6 35. Rd1 c4 36. Qc8 Qb6+ 37. Kg2 Qxb2+ 38. Kh3 Be4 39. Qxc4 Qg2+ 40. Kg4 f5+ 0-1

[Event "Magyar Egyetemi es F"]
[Site "Magyar Egyetemi es F"]
[Date "1995.??.??"]
[Round "?"]
[White "Horvath, Tamas"]
[Black "Kiss, Gergely"]
[Result "0-1"]
[WhiteElo "2410"]
[BlackElo "2200"]
[PlyCount "120"]
[EventDate "1995.??.??"]
[Source "www.chesslib.no"]
[SourceDate "2004.05.04"]

1. e4 e5 2. d4 exd4 3. c3 d3 4. Bxd3 Bc5 5. Nf3 d6 6. Bg5 Nf6 7. Nbd2 Nc6 8. a4 a6 9. Nb3 Ba7 10. Nbd4 Bg4 11. Nf5 O-O 12. O-O Ne5 13. Be2 Ned7 14. h3 Bh5 15. Ng3 Bg6 16. Nh4 h6 17. Nxg6 fxg6 18. Qd5+ Nxd5 19. Bxd8 Ne3 20. Bxc7 Nxf1 21. Rxf1 Rf6 22. Nh1 Rc8 23. Ba5 Nc5 24. Bf3 Nxa4 25. e5 dxe5 26. Bxb7 Rcf8 27. b3 Nc5 28. Bd5+ Kh8 29. Kh2 e4 30. b4 Nd3 31. Bxe4 Nxf2 32. Nxf2 Bxf2 33. Rd1 h5 34. Bc7 h4 35. Bf3 Rc8 36. Be5 Bg3+ 37. Bxg3 hxg3+ 38. Kxg3 Rxc3 39. Rd4 Rb3 40. Rh4+ Kg8 41. Kh2 Rb2 42. Bd5+ Kf8 43. Rh8+ Ke7 44. Rg8 Rxb4 45. Rxg7+ Kd6 46. Bg8 Kc5 47. Bh7 Rbb6 48. Ra7 Kb4 49. g4 a5 50. h4 a4 51. h5 gxh5 52. g5 Rfd6 53. g6 Rxg6 54. Bxg6 Rxg6 55. Rh7 Rg5 56. Kh3 a3 57. Ra7 Ra5 58. Rb7+ Ka4 59. Kh4 a2 60. Rh7 a1=Q 0-1

[Event "Toulouse"]
[Site "?"]
[Date "1989.??.??"]
[Round "?"]
[White "Hector, J."]
[Black "Alawieh, A."]
[Result "1/2-1/2"]
[WhiteElo "2485"]
[BlackElo "2120"]
[PlyCount "66"]
[EventDate "1989.??.??"]
[Source "www.chesslib.no"]
[SourceDate "2004.05.04"]

1. e4 e5 2. d4 exd4 3. c3 d5 4. exd5 Qxd5 5. cxd4 Nc6 6. Nf3 Bg4 7. Be2 Bxf3 8. Bxf3 Qc4 9. Bxc6+ Qxc6 10. O-O Bd6 11. Bg5 f6 12. Qh5+ g6 13. Qe2+ Kf7 14. Rc1 Re8 15. Qd2 Qb5 16. Be3 Qh5 17. h3 Ne7 18. Nc3 Nd5 19. Qd3 c6 20. Ne4 Bb8 21. Nc5 Re7 22. Qb3 Rhe8 23. Nxb7 Kg7 24. Na5 Nxe3 25. Nxc6 Nxg2 26. Rc5 f5 27. Kxg2 Qg5+ 28. Kf1 Bh2 29. Nxe7 Qg1+ 30. Ke2 Rxe7+ 31. Re5 Rxe5+ 32. dxe5 Qxa1 33. Qa3 Qb1 1/2-1/2

[Event "Corr"]
[Site "?"]
[Date "2000.06.20"]
[Round "?"]
[White "Ivanov Nikolay (USA)"]
[Black "Johnson Gardner R. (USA)"]
[Result "0-1"]
[WhiteElo "2387"]
[BlackElo "2217"]
[PlyCount "36"]
[EventDate "2000.??.??"]
[Source "www.chesslib.no"]
[SourceDate "2004.05.04"]

1. e4 e5 2. d4 exd4 3. c3 dxc3 4. Bc4 cxb2 5. Bxb2 d5 6. Bxd5 Nf6 7. Bxf7+ Kxf7 8. Qxd8 Bb4+ 9. Qd2 Bxd2+ 10. Nxd2 Re8 11. f3 Nc6 12. Rc1 Nd5 13. a3 Nf4 14. Rc3 Rd8 15. Ba1 Nxg2+ 16. Kf2 Rxd2+ 17. Kg3 g5 18. Rc5 h5 0-1

[Event "CRO-chT"]
[Site "Pula"]
[Date "1999.09.12"]
[Round "4"]
[White "Devcic, Ivan"]
[Black "Brnas, Augustin"]
[Result "0-1"]
[WhiteElo "2305"]
[BlackElo "2296"]
[PlyCount "56"]
[EventDate "1999.09.05"]
[Source "www.chesslib.no"]
[SourceDate "2004.05.04"]

1. e4 e5 2. d4 exd4 3. c3 d5 4. exd5 Qxd5 5. cxd4 Nc6 6. Be3 Nf6 7. Nc3 Bb4 8. Nf3 Qa5 9. Qc2 Bf5 10. Bd3 Bxd3 11. Qxd3 O-O 12. O-O Qh5 13. h3 Rad8 14. Qb5 Qxb5 15. Nxb5 Nd5 16. Rac1 Rfe8 17. Bg5 f6 18. Bh4 a6 19. Nc3 Nf4 20. Rfd1 Bxc3 21. bxc3 Ne2+ 22. Kf1 Nxc1 23. Rxc1 b5 24. Bg3 Rd7 25. a3 Na5 26. Ne1 c5 27. Nc2 Nb3 28. Rd1 Red8 0-1

[Event "YUG-ch op"]
[Site "?"]
[Date "1996.??.??"]
[Round "1"]
[White "Dimitrijevic Ivan"]
[Black "Brenjo Slavisa"]
[Result "0-1"]
[WhiteElo "2175"]
[BlackElo "2425"]
[PlyCount "58"]
[EventDate "1996.??.??"]
[Source "www.chesslib.no"]
[SourceDate "2004.05.04"]

1. e4 e5 2. d4 exd4 3. c3 d5 4. exd5 Nf6 5. Nf3 Qxd5 6. Qxd4 Qxd4 7. Nxd4 Bc5 8. Nb3 Bb6 9. Be2 O-O 10. O-O Re8 11. Bf3 Nbd7 12. Bf4 Nf8 13. h4 Ng6 14. Bg3 Bg4 15. Bxb7 Rab8 16. Bf3 Bxf3 17. gxf3 Nh5 18. Kh2 f5 19. Kh3 Ngf4+ 20. Bxf4 Nxf4+ 21. Kg3 Nh5+ 22. Kg2 Nf4+ 23. Kg3 Nd3 24. N1d2 Re2 25. f4 Bxf2+ 26. Kf3 Rbe8 27. Nc4 R8e4 28. Nbd2 Rxf4+ 29. Kg2 Rg4+ 0-1

[Event "FIN Team Ch"]
[Site "Finland"]
[Date "1995.??.??"]
[Round "?"]
[White "Lehtivaara, Risto"]
[Black "Binham, Timothy F"]
[Result "1-0"]
[WhiteElo "2255"]
[BlackElo "2340"]
[PlyCount "73"]
[EventDate "1995.??.??"]
[Source "www.chesslib.no"]
[SourceDate "2004.05.04"]

1. e4 e5 2. d4 exd4 3. c3 d5 4. exd5 Nf6 5. Bb5+ Bd7 6. Bc4 b5 7. Bb3 dxc3 8. Nxc3 b4 9. Nce2 Bd6 10. Bf4 O-O 11. Bxd6 cxd6 12. Nf3 Na6 13. O-O Nc5 14. Bc4 Na4 15. Bb3 Qa5 16. Qd2 Rfe8 17. Nf4 Nc5 18. Bc4 Rac8 19. h3 Nce4 20. Qd4 Nxf2 21. Rae1 N2e4 22. g4 Qb6 23. Qxb6 axb6 24. Bd3 Ng3 25. Rxe8+ Rxe8 26. Rc1 Nge4 27. g5 Nc5 28. gxf6 Re3 29. Be2 gxf6 30. Kf2 Re5 31. Rg1+ Kf8 32. Nxe5 fxe5 33. Nh5 Bxh3 34. Nf6 Ke7 35. Nxh7 Ne4+ 36. Ke3 Bf5 37. Bd3 1-0

[Event "Spring Open"]
[Site "Budapest HUN"]
[Date "1991.??.??"]
[Round "4"]
[White "Lochte, Thomas"]
[Black "Utasi, Tamas"]
[Result "0-1"]
[WhiteElo "2250"]
[BlackElo "2345"]
[PlyCount "62"]
[EventDate "1991.03.??"]
[Source "www.chesslib.no"]
[SourceDate "2004.05.04"]

1. e4 e5 2. d4 exd4 3. c3 d5 4. exd5 Nf6 5. Bg5 Qxd5 6. Bxf6 Qe6+ 7. Qe2 gxf6 8. cxd4 Nc6 9. Nf3 Nb4 10. Na3 c6 11. Kd1 Rg8 12. Qd2 Qf5 13. Nc4 Be6 14. a3 Nd5 15. Bd3 Qh5 16. Be2 Qh6 17. Nd6+ Ke7 18. Nxb7 Qxd2+ 19. Nxd2 Rxg2 20. Na5 Rxf2 21. Nxc6+ Kd7 22. Na5 Bh6 23. Ne4 Rg2 24. Bf3 Rxb2 25. Nxf6+ Nxf6 26. Bxa8 Bg4+ 27. Ke1 Bd2+ 28. Kf2 Bxa5+ 29. Ke3 Rb3+ 30. Kf2 Bc3 31. Rab1 Bxd4+ 0-1

[Event "Politiken Cup"]
[Site "?"]
[Date "2003.07.14"]
[Round "1"]
[White "Hagesaether Torill"]
[Black "Hector Jonny"]
[Result "0-1"]
[WhiteElo "2051"]
[BlackElo "2538"]
[PlyCount "74"]
[EventDate "2003.??.??"]
[Source "www.chesslib.no"]
[SourceDate "2004.05.04"]

1. e4 e5 2. d4 exd4 3. c3 Ne7 4. cxd4 d5 5. e5 c5 6. Nf3 Nbc6 7. Nc3 Bg4 8. Be3 Bxf3 9. gxf3 cxd4 10. Bxd4 Nf5 11. Bb5 Qh4 12. Ne2 Bb4+ 13. Bc3 O-O 14. Bxc6 bxc6 15. Bxb4 Qxb4+ 16. Qd2 Qe7 17. Qf4 Nh4 18. O-O Qxe5 19. Qxh4 Qxe2 20. Qa4 Qxf3 21. Rfe1 Qf6 22. b3 Rae8 23. Rad1 Re6 24. Rxe6 fxe6 25. Qxa7 Qg6+ 26. Kf1 Qc2 27. Re1 c5 28. Re2 Qd1+ 29. Re1 Qd4 30. Re2 h6 31. a4 Rf4 32. Qb8+ Kh7 33. Qb5 c4 34. bxc4 Qd1+ 35. Re1 Qd3+ 36. Re2 Re4 37. cxd5 Qd1+ 0-1

[Event "BL2-N 8889"]
[Site "GER"]
[Date "1989.??.??"]
[Round "?"]
[White "Hedke, Fred"]
[Black "Teschner, Rudolf"]
[Result "0-1"]
[WhiteElo "2295"]
[BlackElo "2290"]
[PlyCount "92"]
[EventDate "1988.10.??"]
[Source "www.chesslib.no"]
[SourceDate "2004.05.04"]

1. e4 e5 2. d4 exd4 3. c3 d5 4. exd5 Nf6 5. cxd4 Bb4+ 6. Nc3 O-O 7. Nf3 Nxd5 8. Bd2 Nc6 9. Be2 Nf6 10. Be3 Nd5 11. Qd2 Nxe3 12. fxe3 Qe7 13. O-O Re8 14. Bb5 Bxc3 15. bxc3 Qxe3+ 16. Qxe3 Rxe3 17. Bxc6 bxc6 18. Rae1 Rxe1 19. Rxe1 Be6 20. Ne5 c5 21. dxc5 Kf8 22. Re2 a5 23. Rb2 f6 24. Nc6 Bd5 25. Nd4 a4 26. a3 Ra5 27. Rb5 Rxb5 28. Nxb5 c6 29. Nd4 Kf7 30. Kf2 h5 31. g3 g5 32. Ke3 Kg6 33. c4 Bh1 34. h4 Bg2 35. Ne2 Kf5 36. hxg5 fxg5 37. Nc3 Kg4 38. Kf2 Bf3 39. Nb1 h4 40. gxh4 gxh4 41. Nd2 Bd1 42. Nf1 Kf4 43. Nd2 h3 44. Nf1 Bf3 45. Nh2 Bg2 46. Kg1 Kg3 0-1

[Event "Ch Germany (juniors)"]
[Site "?"]
[Date "1998.??.??"]
[Round "2"]
[White "Binder Karl"]
[Black "Koch Jean-Rene"]
[Result "1-0"]
[WhiteElo "2090"]
[BlackElo "2490"]
[PlyCount "39"]
[EventDate "1998.??.??"]
[Source "www.chesslib.no"]
[SourceDate "2004.05.04"]

1. e4 e5 2. d4 exd4 3. c3 dxc3 4. Bc4 Bc5 5. Nxc3 d6 6. Nf3 Ne7 7. Ng5 d5 8. Nxd5 O-O 9. Qh5 h6 10. Nxf7 Bxf2+ 11. Kxf2 Nxd5 12. Bxd5 c6 13. Bb3 Qf6+ 14. Qf3 Qxf3+ 15. gxf3 Kh7 16. Rg1 Na6 17. Rxg7+ Kxg7 18. Bxh6+ Kh7 19. Bxf8 Kg8 20. Bh6 1-0

[Event "FRA-ch74 Accession"]
[Site "Besancon"]
[Date "1999.08.21"]
[Round "5.31"]
[White "Lucchetti, Philippe"]
[Black "Collas, Didier"]
[Result "0-1"]
[WhiteElo "2221"]
[BlackElo "2354"]
[PlyCount "58"]
[EventDate "1999.08.17"]
[Source "www.chesslib.no"]
[SourceDate "2004.05.04"]

1. e4 e5 2. d4 exd4 3. c3 dxc3 4. Bc4 cxb2 5. Bxb2 Nh6 6. Nf3 Bb4+ 7. Kf1 Bf8 8. Nbd2 d6 9. Qb3 Nd7 10. Bc3 Nb6 11. Qb2 Nxc4 12. Nxc4 f6 13. Rd1 Be7 14. Qb5+ Qd7 15. Qh5+ Nf7 16. Ne3 Qa4 17. Rd4 Qxa2 18. Nd5 Bd8 19. g3 c6 20. Nf4 g6 21. Nxg6 hxg6 22. Qxg6 Bh3+ 23. Ke1 Qc2 24. Bd2 Qb1+ 25. Ke2 Qxh1 26. Rxd6 Qb1 27. g4 Qb5+ 28. Ke3 Qb3+ 29. Rd3 Bb6+ 0-1

[Event "Helsinki Open"]
[Site "Helsinki FIN"]
[Date "1991.??.??"]
[Round "?"]
[White "Lehtivaara, Risto"]
[Black "Paldanius, Pekka"]
[Result "1-0"]
[WhiteElo "2295"]
[BlackElo "2280"]
[PlyCount "53"]
[EventDate "1991.??.??"]
[Source "www.chesslib.no"]
[SourceDate "2004.05.04"]

1. e4 e5 2. d4 exd4 3. c3 d5 4. exd5 Qxd5 5. cxd4 Nf6 6. Nf3 Bg4 7. Be2 Qd8 8. Nc3 Nbd7 9. h3 Bh5 10. Qb3 Nb6 11. Bg5 Bg6 12. a4 a5 13. d5 Bb4 14. Bb5+ Kf8 15. O-O-O Qd6 16. Rhe1 Bxc3 17. bxc3 Nbxd5 18. Bxf6 Qf4+ 19. Kb2 Nxf6 20. Rd4 Ne4 21. Qa3+ c5 22. Rexe4 Qf5 23. Nh4 Qxf2+ 24. Re2 Qg1 25. Qxc5+ Kg8 26. Rd8+ Rxd8 27. Qxg1 1-0

[Event "BL2-W 9192"]
[Site "GER"]
[Date "1992.??.??"]
[Round "?"]
[White "Szczepanski, Olaf"]
[Black "Troltenier, Dirk"]
[Result "0-1"]
[WhiteElo "2275"]
[BlackElo "2300"]
[PlyCount "104"]
[EventDate "1991.10.??"]
[Source "www.chesslib.no"]
[SourceDate "2004.05.04"]

1. e4 e5 2. d4 exd4 3. c3 d5 4. exd5 Nf6 5. Qxd4 Qxd5 6. Nf3 Nc6 7. Qxd5 Nxd5 8. Bc4 Nb6 9. Bb3 Bd6 10. O-O O-O 11. Na3 Bf5 12. Rd1 Bxa3 13. bxa3 Na5 14. Bf4 c6 15. Rac1 Rfd8 16. Bc7 Rxd1+ 17. Rxd1 Nxb3 18. Bxb6 axb6 19. axb3 Bc2 20. Rd7 Bxb3 21. Rxb7 g6 22. Rxb6 Rxa3 23. h4 Bd5 24. c4 Bxf3 25. gxf3 Rxf3 26. Rxc6 Rh3 27. Rc8+ Kg7 28. c5 Rxh4 29. c6 Rc4 30. c7 h5 31. Kg2 Kf6 32. Kg3 Ke7 33. f3 Kf6 34. Kh3 Kf5 35. Kg3 Rc3 36. Kf2 Kf4 37. Ke2 Rc6 38. Kd3 Kxf3 39. Kd4 h4 40. Kd5 Rc1 41. Kd6 h3 42. Rh8 Rxc7 43. Kxc7 Kg3 44. Kd6 h2 45. Ke7 f5 46. Rh6 g5 47. Kf6 f4 48. Kxg5 f3 49. Kf5 f2 50. Rg6+ Kf3 51. Rh6 f1=Q 52. Rxh2 Kg3+ 0-1

[Event "BCF Ch"]
[Site "Southampton ENG"]
[Date "1986.??.??"]
[Round "6"]
[White "Thomas, Ian L"]
[Black "Yeo, Michael J"]
[Result "1/2-1/2"]
[WhiteElo "2325"]
[BlackElo "2240"]
[PlyCount "117"]
[EventDate "1986.07.28"]
[Source "www.chesslib.no"]
[SourceDate "2004.05.04"]

1. e4 e5 2. d4 exd4 3. c3 dxc3 4. Bc4 cxb2 5. Bxb2 d5 6. Bxd5 Bb4+ 7. Ke2 Nf6 8. Qa4+ c6 9. Bxf7+ Kxf7 10. Qxb4 Re8 11. Nd2 b6 12. Ngf3 Ba6+ 13. Ke1 Qd3 14. Qb3+ Kf8 15. Qxd3 Bxd3 16. e5 Nbd7 17. h3 Nd5 18. Kd1 Nf4 19. g3 Ne6 20. Ne1 Ndc5 21. f4 Rad8 22. Ba3 Kg8 23. Rh2 Bg6 24. Bxc5 Nxc5 25. Ke2 Rd5 26. Ke3 Red8 27. Nc4 Ne4 28. g4 b5 29. Nb2 Nd2 30. Rf2 Rd4 31. Re2 Re4+ 32. Kf2 Rxf4+ 33. Kg3 Re4 34. Rxe4 Nxe4+ 35. Kf4 Nc5 36. Nf3 Ne6+ 37. Ke3 c5 38. a4 b4 39. Rc1 Kf7 40. h4 Ke7 41. h5 Be8 42. a5 Bb5 43. Nh4 Rd5 44. Nf3 Ba6 45. Ke4 Bb7 46. Ke3 Ba6 47. Ke4 Nc7 48. g5 Ke6 49. g6 h6 50. Na4 Bd3+ 51. Ke3 c4 52. Nb2 Rxa5 53. Nxd3 Nd5+ 54. Ke4 cxd3 55. Nd4+ Kd7 56. e6+ Ke7 57. Kxd3 Ra3+ 58. Kc4 Rc3+ 59. Rxc3 1/2-1/2

[Event "BL2-N 9394"]
[Site "GER"]
[Date "1994.??.??"]
[Round "?"]
[White "Hedke, Fred"]
[Black "Stockfleth, Ron"]
[Result "1/2-1/2"]
[WhiteElo "2335"]
[BlackElo "2230"]
[PlyCount "71"]
[EventDate "1993.10.??"]
[Source "www.chesslib.no"]
[SourceDate "2004.05.04"]

1. e4 e5 2. d4 exd4 3. c3 dxc3 4. Bc4 cxb2 5. Bxb2 d5 6. Bxd5 Bb4+ 7. Nc3 Bxc3+ 8. Bxc3 Nf6 9. Bb3 Qxd1+ 10. Rxd1 Be6 11. Bxe6 fxe6 12. f3 c5 13. g4 h6 14. Ne2 Nbd7 15. Nf4 Nf8 16. Rg1 Kf7 17. h4 g5 18. e5 N6d7 19. Nh5 b5 20. hxg5 hxg5 21. f4 gxf4 22. Rf1 b4 23. Bb2 Ke7 24. Rxf4 Ng6 25. Re4 Rac8 26. Bc1 Nb6 27. Bg5+ Kf7 28. Rd6 Rhe8 29. Re2 Nf8 30. Rf2+ Kg6 31. Bh4 Nbd7 32. Nf4+ Kg7 33. Nh5+ Kg6 34. Nf4+ Kg7 35. Nh5+ Kg6 36. Nf4+ 1/2-1/2

[Event "NRW-Liga II 9596"]
[Site "GER"]
[Date "1996.??.??"]
[Round "?"]
[White "Kroeger, Fabian"]
[Black "Meijers, Viesturs"]
[Result "0-1"]
[WhiteElo "2190"]
[BlackElo "2375"]
[PlyCount "42"]
[EventDate "1995.??.??"]
[Source "www.chesslib.no"]
[SourceDate "2004.05.04"]

1. e4 e5 2. d4 exd4 3. c3 dxc3 4. Nxc3 d6 5. Nf3 Be7 6. Bc4 Nf6 7. O-O O-O 8. Qc2 Nc6 9. h3 h6 10. e5 Nxe5 11. Nxe5 dxe5 12. Qg6 Qd6 13. Nb5 Qc5 14. Qd3 a6 15. Be3 Qc6 16. Nc3 Rd8 17. Qe2 b5 18. Bb3 Bb7 19. f3 Bc5 20. Ne4 Nxe4 21. fxe4 Qxe4 0-1